Pop subgenres - genres [Music] - Statistics

General Stats
  • This quiz has been taken 36 times
  • The average score is 13 of 50
Answer Stats
Picture Answer % Correct
Country pop
81%
Indie pop
81%
Pop rock
81%
Electropop
78%
Pop rap
70%
Dancepop
67%
Folk pop
59%
Hyperpop
56%
Jazz pop
52%
Dream pop
48%
Synthpop
48%
Art pop
44%
Psychedelic pop
37%
Europop
33%
K-pop
33%
New wave
33%
Bubblegum dance
30%
Traditional pop
30%
Baroque pop
22%
Jangle pop
22%
Progressive pop
22%
Alt-pop
19%
Ambient pop
15%
Popera/Operatic pop
15%
Alternative dance
11%
Baggy
11%
Bedroom pop
11%
Citypop
11%
Crunkcore
11%
Eurodisco
11%
Neo-psych pop
11%
New romantic
11%
Sophisti-pop
11%
Sunshine pop
11%
Twee pop
11%
Adult contemporary
7%
Eurodance
7%
Glitch pop
7%
Indietronica
7%
Orchestral pop
7%
Chamber pop
4%
Dance-R&B
4%
Electro dance-pop
4%
Electropop rap
4%
Exotica
4%
Millennial pop
4%
Post-disco
4%
Yé-yé
4%
New rave
0%
Soulful art pop
0%
No matching quizzes found
Score Distribution
Percent of People with Each Score
Percentile by Number Answered
Your Score History
You have not taken this quiz